| 000 | 007770000a22002410004500 | ||
|---|---|---|---|
| 090 |
_aMM _b00181 |
||
| 245 | 1 | 0 | _aInforme nacional sobre reducción de escurrimiento de plaguicidas al mar Caribe |
| 300 | _bCD-ROM | ||
| 440 | 0 |
_aBiblioteca ambiental digital, 9 _9100965 |
|
| 650 | 1 | 4 |
_aPlaguicidas _992722 |
| 650 | 1 | 4 |
_aContaminación ambiental _9351 |
| 650 | 1 | 4 |
_aEcosistemas marinos _993451 |
| 650 | 1 | 4 |
_aUso de plaguicidas _9100966 |
| 650 | 1 | 4 |
_aManejo de plaguicidas _920860 |
| 650 | 1 | 4 |
_aImpacto ambiental por uso de plaguicidas _9100967 |
| 651 | 4 |
_lMar Caribe _pColombia _992749 |
|
| 041 | 0 | _aEspañol | |
| 044 | _aColombia | ||
| 110 | 1 |
_lColombia _aMinisterio del Medio Ambiente _997884 |
|
| 260 |
_aBogotá _bMinambiente _c2002 |
||
| 260 | _bUNEP | ||
| 942 | _cCD-ROM | ||
| 999 |
_c16557 _d16557 |
||